000 00364nam a22001337a 4500
008 250319b |||||||| |||| 00| 0 eng d
020 _a9789785709683
050 _aJZ55.34
_b.A88
100 _aATU, A . Dnladi
245 _aGrand Work on Peace and Security Education
260 _aAbuja
_bInstitute for Security Studies
_c2019
300 _axiii, 373p.
942 _cBK
999 _c2454
_d2454